000 01362nam a2200337 c 4500
003 BLK
005 20240306130726.0
008 180411b bul|||||r ||||||| ||bul||
010 _aKNG00191495000
040 _aBLK
041 _aBUL
_cBUL
080 _aПедагогическа психология
_b37.015.3
_x
_z37.015.3
100 _aДесев, Любен Николов
_9369489
139 _aДесев, Любен Николов
_bД 45
245 1 0 _aПсихология на отношенията в класа
_bСоц. илюзии и проблеми : Моногр.
_cЛюбен Николов Десев.
257 _aBGR
260 София
_bНар. просв.
_c1970
_fВ. Търново : Д. Найденов
300 _a159 с.
_bс табл., 2 л. табл.
_c25 см
380 _a3
500 _aИзд. на М-во на нар. просв. НИИ по образованието Т. Самодумов
650 4 _aУченици - психология
_9258191
653 _aпсихология
653 _aученици
653 _aпедагогическа психология
852 _aЦб 54162
856 4 _qpdf
_u
856 4 _qpdf
_u
942 _cKNG
_n0
944 _aCR
_c04.10.2016
_k30550
_lКети Илиева
944 _aED
_c04.10.2016
_kТеодора_Стоянова
999 _c182570
_d182570